000 00494nam a22001337a 4500
008 230621b xxu||||| |||| 00| 0 eng d
082 _a328.42
_bVAC
100 _cVacher's Parliamentary Companion
245 _aVacher's Parliamentary Companion
_bA reference book for parliament Departments of State Senior Civil Servants and Public Offices
_cCorrected Quarterly
_hNumber 1069
260 _aLondon
_bVacher's Parliamentary Companion
_c1993
300 _a368p
440 _nNo. 1069
942 _2ddc
_cBK
999 _c2299
_d2299